000 00463nam a2200145Ia 4500
008 100122s9999 xx 000 0 und d
082 _b45664
_a823
100 _aसोनवणी संजय
245 _aअखेरचा सम्राट
260 _bशब्दसन्मान प्रकाशन
_c1991
300 _a250
630 _aअखेरचा सम्राट
730 _aअखेरचा सम्राट
942 _cBOOK
999 _c425061
_d425058